00398nam a2200157Ia 4500003000400000005001700004008004100021040000700062082002000069100002400089245002000113260005800133365001300191650002200204650001400226OSt20230608161226.0210423s2005 xx 000 0 und d cAL a307.72 SHAR223 aSHARMA (Rajendra K) aRural sociology aNew DelhibAtlantic Publishers and Distributorsc2005 b495cINR aRural Communities aSociology